Análisis del juego de ajedrez (Record no. 54201)
[ view plain ]
| 000 -LEADER | |
|---|---|
| campo de control de longitud fija | 00917nam a2200229 i 4500 |
| 001 - NÚMERO DE CONTROL | |
| campo de control | 54201 |
| 003 - IDENTIFICADOR DE NÚMERO DE CONTROL | |
| campo de control | ES-MaACL |
| 005 - FECHA Y HORA DE LA ÚLTIMA TRANSACCIÓN | |
| campo de control | 20230906162920.0 |
| 007 - CAMPO FIJO DE DESCRIPCIÓN FÍSICA--INFORMACIÓN GENERAL | |
| campo de control de longitud fija | t| |
| 008 - DATOS DE LONGITUD FIJA--INFORMACIÓN GENERAL | |
| campo de control de longitud fija | 960717s1870 fr a ||||1| spa d |
| 040 ## - FUENTE DE CATALOGACIÓN | |
| Centro catalogador/agencia de origen | CAM |
| Lengua de catalogación | spa |
| Centro/agencia transcriptor | CAM |
| 100 0# - ENTRADA PRINCIPAL--NOMBRE DE PERSONA | |
| Nombre de persona | Philidor, François-André Danican. |
| 9 (RLIN) | 91657 |
| 245 10 - MENCIÓN DEL TÍTULO | |
| Título | Análisis del juego de ajedrez |
| Resto del título | : con una nueva anotación compendiada y láminas ... / |
| Mención de responsabilidad, etc. | por A.D. Filidor ; traducción de C. de Algarra. |
| 250 ## - MENCION DE EDICION | |
| Mención de edición | Nueva ed. aum. con un tratado de estratagemas. |
| 260 ## - PUBLICACIÓN, DISTRIBUCIÓN, ETC. | |
| Lugar de publicación, distribución, etc. | Paris : |
| Nombre del editor, distribuidor, etc. | Libreria de Rosa y Bouret, |
| Fecha de publicación, distribución, etc. | 1870 ( |
| Fabricante | Imp. Simon Bacon y comp.) |
| 300 ## - DESCRIPCIÓN FÍSICA | |
| Extensión | XVIII, 301 p. : |
| Otras características físicas | il. ; |
| Dimensiones | 17 cm. |
| 530 ## - NOTA DISPONIBLE DE FORMULARIO FÍSICO ADICIONAL | |
| Nota de formato físico adicional disponible | Disponible en formato digital. |
| 650 #4 - PUNTO DE ACCESO ADICIONAL DE MATERIA--TÉRMINO DE MATERIA | |
| Término de materia o nombre geográfico como elemento de entrada | Ajedrez- |
| Subdivisión general | Colecciones de partidas. |
| 9 (RLIN) | 168421 |
| 700 1# - ENTRADA AGREGADA--NOMBRE PERSONAL | |
| Nombre de persona | Algarra, C. de. |
| 9 (RLIN) | 19884 |
| 852 ## - LOCALIZACIÓN | |
| Ubicación | ES-MaACL |
| Número de control de estantería | D-2216 |
| 856 ## - LOCALIZACIÓN Y ACCESO ELECTRÓNICOS | |
| Identificador Uniforme de Recursos | <a href="http://bdh-rd.bne.es/viewer.vm?id=0000091547&page=1 ">http://bdh-rd.bne.es/viewer.vm?id=0000091547&page=1 </a> |
| Nota pública | Biblioteca Digital Hispánica |
| Estatus retirado | Estado de pérdida | Estado de daño | No para préstamo | Colección | Biblioteca de origen | Biblioteca actual | Ubicación en estantería | Fecha de adquisición | Fuente de adquisición | Total de préstamos | Signatura topográfica completa | Código de barras | Visto por última vez | Precio de reemplazo | Tipo de ítem Koha |
|---|---|---|---|---|---|---|---|---|---|---|---|---|---|---|---|
| Colección digital | Biblioteca del Ateneo de Madrid | Biblioteca del Ateneo de Madrid | Sala Valle Inclán | 17/01/2008 | D-2216 | 901056960 | 23/02/2023 | 23/02/2023 | Libro impreso antiguo |
